000 00300nam a22001337a 4500
008 170301b xxu||||| |||| 00| 0 eng d
020 _a0932682960
041 _aeng
080 _22ND
_a616.8-006
100 _a6
101 _aSHM
245 _aPREVENTING BREAST CANCER
_cGOFMAN, J.W
942 _2udc
_cBK
999 _c6478
_d6478